Tracing urban nobility in medieval Tallinn
| Titel: | Tracing urban nobility in medieval Tallinn / Erki Russow |
|---|---|
| Verfasser: | |
| In: |
Lübecker Kolloquium zur Stadtarchäologie im Hanseraum (12. : 2022 : Lübeck): Lübecker Kolloquium zur Stadtarchäologie im Hanseraum XII, (2024), Seite 428-443 alle Artikel anzeigen |
| Veröffentlicht: | 2024 |
| Format: | Aufsatz |
| Sprache: | Englisch |
X
alg: 53014279 001A $03025:27-05-25 001B $03025:27-05-25 $t14:47:16.000 001D $03025:27-05-25 001U $0utf8 001X $00 002@ $0Aou 002C $aText $btxt $2rdacontent 002D $aohne Hilfsmittel zu benutzen $bn $2rdamedia 002E $aBand $bnc $2rdacarrier 003@ $0530142791 010@ $aeng 010E $erda 011@ $a2024 021A $aTracing urban nobility in medieval Tallinn $hErki Russow 028A $BVerfasser $4aut $7133952908 $8Russow, Erki$Z1974- [Tp1] $9195148061 031A $h428-443 $j2024 039B $aEnthalten in $8--Aax--Lübecker Kolloquium zur Stadtarchäologie im Hanseraum$n12.$d2022$cLübeck [Tf1]. Lübecker Kolloquium zur Stadtarchäologie im Hanseraum XII. - Lübeck : Verlag Marie Leidorf GmbH, 2024. - 509 Seiten. - Illustrationen. - ISBN 978-3-86757-450-1 $x202400000000000572 $9529722771 044K $RReval $#Tallinn $#Tallin $#Reval $#Reval Tallinn $75093293-7 $8Tallinn [Tg1] $9045056455 044K $ROberschicht $RWeiblicher Adel $RAristokratie $#Nobility $#Noblesse $#Nobiltà $#Nobleza $#Adel $#Adel $#Junker $#Junkertum $#Adliger $#Adeliger $#Adlige $#Uradel $74000464-8 $8Adel [Ts1] $9084991682 044K $#City dwellers $#Citadins $#Stadtbevölkerung $#Stadtbevölkerung $#Stadtbevölkerung $#Stadt Bevölkerung $#Stadtbewohner $#Städter $74138964-5 $8Stadtbevölkerung [Ts1] $9085527114 045F $a306.0947980902 $eDDC23BSB 045F/01 $a306.09 045F/03 $f0902 045F/03 $g4798 lok: 53014279 78 exp: 53014279 78 1 #EPN 201B/01 $027-05-25 $t14:46:56.000 201C/01 $027-05-25 201U/01 $0utf8 203@/01 $01304945596 208@/01 $a27-05-25 $be 209A/01 $a/ $f000 $x00 209A/01 $ab*p $x01 220C/01 $apgar 244Z/01 $#Estland $#Estland $#Estland $#Estland (vor 1940) $#Republik Estland $#Estnische Republik $#Eesti $#Eesti Vabariik $#EV $#Estonia $#Republic of Estonia $#Estonie $#Ėstonskaja Respublika $74015587-0 $8--Tg1--Estland $x13 $9085035777 247C/01 $82080>Marburg/Lahn, Herder-Institut, Forschungsbibliothek, Bibliographieportal $9336309341
| LEADER | 00000naa a2200000 c 4500 | ||
|---|---|---|---|
| 001 | 530142791 | ||
| 003 | DE-603 | ||
| 005 | 20250527144716.0 | ||
| 007 | tu | ||
| 008 | 250527s2024 xx |||| | u00||u|eng c | ||
| 035 | |a (DE-599)HEB530142791 | ||
| 040 | |a DE-603 |b ger |c DE-603 |d DE-603 |e rda | ||
| 041 | |a eng | ||
| 082 | 0 | 4 | |8 1\u |a 306.0947980902 |q DE-101 |2 23/BSB |
| 085 | |8 1\u |b 306.09 | ||
| 085 | |8 1\u |z 1 |s 0902 | ||
| 085 | |8 1\u |z 2 |s 4798 | ||
| 100 | 1 | |a Russow, Erki |d 1974- |e Verfasser |4 aut |0 (DE-603)195148061 |0 (DE-588)133952908 |2 gnd | |
| 245 | 0 | 0 | |a Tracing urban nobility in medieval Tallinn |c Erki Russow |
| 264 | 0 | |c 2024 | |
| 336 | |a Text |b txt |2 rdacontent | ||
| 337 | |a ohne Hilfsmittel zu benutzen |b n |2 rdamedia | ||
| 338 | |a Band |b nc |2 rdacarrier | ||
| 650 | 7 | |a Adel |0 (DE-588)4000464-8 |0 (DE-603)084991682 |2 gnd | |
| 650 | 7 | |a Stadtbevölkerung |0 (DE-588)4138964-5 |0 (DE-603)085527114 |2 gnd | |
| 651 | 7 | |a Tallinn |0 (DE-588)5093293-7 |0 (DE-603)045056455 |2 gnd | |
| 773 | 0 | 8 | |i Enthalten in |a Lübecker Kolloquium zur Stadtarchäologie im Hanseraum (12. : 2022 : Lübeck) |t Lübecker Kolloquium zur Stadtarchäologie im Hanseraum XII |d Lübeck : Verlag Marie Leidorf GmbH, 2024 |h 509 Seiten, Illustrationen |z 9783867574501 |z 3867574502 |g (2024), Seite 428-443 |w (DE-603)529722771 |
| 924 | 0 | |9 2080 |a (DE-603)1304945596 |b DE-2080 |c HES |d d |g / | |


